LEADER 01291nam--2200349---450- 001 990003474640203316 005 20101206111409.0 035 $a000347464 035 $aUSA01000347464 035 $a(ALEPH)000347464USA01 035 $a000347464 100 $a20101206d1910----km-y0itay50------ba 101 $aita 102 $aIT 105 $a||||||||001yy 200 1 $aForza e superstizione ossia Compurgazione legale, duello giudiziario, ordalia e tortura$fEnrico Carlo Lea$gunica traduzione italiana eseguita su apposito manoscritto preparato dall'autore dalla signorina Pia Cremonini 210 $aPiacenza$cSocietā Editrice Pontremolese$d1910 215 $aVIII, 611 p.$d24 cm 225 2 $aBiblioteca del pensiero religioso moderno$hSerie 2$v2 410 0$12001$aBiblioteca del pensiero religioso moderno$hSerie 2$v2 606 0 $aPROCESSO PENALE$zSEC. 7.-13.$2BNCF 676 $a364.9 700 1$aLEA,$bEnrico Carlo$0609114 702 1$aCREMONINI,$bPia 801 0$aIT$bsalbc$gISBD 912 $a990003474640203316 951 $aXV.2.B. 7$b158$cXV.2.B. 959 $aBK 969 $aCUOMO 979 $aAMENDOLA$b10$c20101206$lUSA01$h1114 996 $aForza e superstizione ossia Compurgazione legale, duello giudiziario, ordalia e tortura$91112559 997 $aUNISA LEADER 01471nam--2200421---450- 001 990003543620203316 005 20110624105751.0 010 $a978-0-521-62209-7 035 $a000354362 035 $aUSA01000354362 035 $a(ALEPH)000354362USA01 035 $a000354362 100 $a20110624d2006----km-y0itay50------ba 101 $aeng 102 $aUS 105 $a||||||||001yy 200 1 $aEmergent Economies, Divergent Paths$eeconomic organization and international trade in South Korea and Taiwan$fRobert C. Feenstra, Gary G. Hamilton 210 $aCambridge$cCambridge University Press$d2006 215 $aXII, 462 p.$d24 cm 225 2 $aStructural analysis in the social sciences$v49 410 0$12001$aStructural analysis in the social sciences$v, 49 454 1$12001 461 1$1001-------$12001 607 0 $aCorea del Sud$xSviluppo economico$2BNCF 607 0 $aTaiwan $xSviluppo economico$2BNCF 676 $a330.951249 700 1$aFEENSTRA,$bRobert C.$0126602 701 1$aHAMILTON,$bGary G.$0117028 801 0$aIT$bsalbc$gISBD 912 $a990003543620203316 951 $a330.951 FEE 1$b71837 G.$c330.951 FEE$d00297390 959 $aBK 969 $aECO 979 $aFIORELLA$b90$c20110624$lUSA01$h1044 979 $aFIORELLA$b90$c20110624$lUSA01$h1044 979 $aFIORELLA$b90$c20110624$lUSA01$h1057 996 $aEmergent Economies, Divergent Paths$91116680 997 $aUNISA